路線名 一覧クイズ 宮城県 - Statistics

General Stats
  • This quiz has been taken 149 times
  • The average score is 12 of 13
Answer Stats
事業者名 答え 区間 % Correct
JR東日本 東北本線 越河~石越・岩切~利府・有壁
100%
JR東日本 仙石線 あおば通~石巻(全線)
98%
JR東日本 仙山線 仙台~奥新川
97%
仙台市交通局 南北線 富沢~泉中央(全線)
97%
仙台市交通局 東西線 荒井~八木山動物公園(全線)
97%
JR東日本 東北新幹線 白石蔵王~くりこま高原
94%
JR東日本 常磐線 坂元~岩沼
92%
JR東日本 石巻線 小牛田~女川(全線)
90%
JR東日本 陸羽東線 小牛田~中山平温泉
87%
JR東日本 気仙沼線 前谷地~柳津(全線)
85%
三セク② 仙台空港線(仙台空港鉄道) 名取~仙台空港(全線)
76%
三セク① 阿武隈急行線(阿武隈急行) あぶくま~槻木
72%
JR東日本 大船渡線 気仙沼
70%
No matching quizzes found
Score Distribution
Percent of People with Each Score
Percentile by Number Answered
Your Score History
You have not taken this quiz